| 000 | 01238cad a22002655a 4500 | ||
|---|---|---|---|
| 001 | L160075 | ||
| 008 | 100415u20180410xxk g 000 0 eng d | ||
| 035 | _a(Sirsi) u160075 | ||
| 041 | 0 | _aeng | |
| 050 | 0 | 4 | _a692.8 $2 18 |
| 110 |
_aRoyal Institution of Chartered Surveyors _94900 |
||
| 245 | 0 | 4 |
_aBIM and the rail industry supply chain _h[electronic resource] |
| 260 |
_aLondon _bRICS _c2018 |
||
| 490 | 0 | _aRICS Research | |
| 490 | 0 | _aRICS Insight | |
| 520 | _aAims to assess the future nature of the supply chain process within rail infrastructure and is a direct response to the UK government?s Construction 2025 report, which calls for the industry to become dramatically more sustainable through its efficient approach to delivering low carbon assets more quickly and at a lower cost, underpinned by strong, integrated supply chains and productive long-term relationships. | ||
| 590 | _aKA NTK | ||
| 650 | 2 | 4 | _aRAIL TRANSPORT |
| 650 | 2 | 4 | _aSUPPLY CHAIN |
| 651 | 4 | _aUnited Kingdom | |
| 690 |
_aInfrastructure _96246 |
||
| 690 |
_aBIM _96219 |
||
| 856 | 4 | 0 |
_uhttps://www.rics.org/profession-standards/knowledge-and-information-services/document-delivery-and-o _zemail [email protected] to request a copy |
| 942 |
_n0 _2ddc |
||
| 999 |
_c116192 _d116192 |
||